[Event "KAZ-ch"]
[Site "Almaty"]
[Date "2020.12.19"]
[Round "10"]
[White "Ismagambetov, Anuar"]
[Black "Akhmetov, Ayan"]
[Result "1/2-1/2"]
[WhiteElo "2528"]
[BlackElo "2438"]
[PlyCount "140"]
[EventDate "2020.12.11"]
[EventType "tourn"]
[EventRounds "11"]
[EventCountry "KAZ"]
[EventCategory "10"]
[SourceTitle "CBM 199 Extra"]
[Source "ChessBase"]
[SourceDate "2021.01.31"]
[SourceVersion "1"]
[SourceVersionDate "2021.01.31"]
[SourceQuality "1"]

1. e4 e6 2. d4 d5 3. Nc3 Nf6 4. e5 Nfd7 5. f4 c5 6. Nf3 Nc6 7. Be3 a6 8. Qd2 Be7 9. dxc5 Nxc5 10. a3 Qc7 11. Bd3 b6 12. Nd4 f5 13. 0-0 Nxd4 14. Bxd4 Bb7 15. Be2 0-0 16. b4 Nd7 17. Qe3 Bc5 18. Bd3 Bxd4 19. Qxd4 Rfc8 20. Ne2 a5 21. Qf2 Nf8 22. h3 g6 23. Kh2 Ba6 24. b5 Bb7 25. g4 Kh8 26. Rg1 Nd7 27. gxf5 gxf5 28. Qh4 Rg8 29. Rg4 Qd8 30. Rxg8+ Kxg8 31. Rg1+ Kh8 32. Qh6 Qe7 33. Nd4 Nc5 34. Bxf5 exf5 35. Nxf5 Qf8 36. e6 d4 37. e7 Qxh6 38. Nxh6 Bd5 39. f5 Ne4 40. Rd1 Kg7 41. Ng4 h5 42. Rxd4 hxg4 43. Rxd5 Re8 44. hxg4 Rxe7 45. c4 a4 46. Rd8 Kf6 47. Rb8 Kg5 48. Rxb6 Kxg4 49. f6 Rd7 50. Kg2 Rd2+ 51. Kf1 Kf3 52. Ke1 Ra2 53. Kd1 Ke3 54. Rb8 Nf2+ 55. Kc1 Nd3+ 56. Kb1 Rb2+ 57. Ka1 Rf2 58. b6 Nc5 59. Rd8 Rxf6 60. Rd5 Rc6 61. Rxc5 Rxb6 62. Ra5 Kd4 63. Rxa4 Rc6 64. Kb2 Rxc4 65. Ra8 Rc7 66. Kb3 Rb7+ 67. Ka4 Kc5 68. Ka5 Rb5+ 69. Ka6 Rb6+ 70. Ka7 Rb3 1/2-1/2

[Event "KAZ-ch"]
[Site "Almaty"]
[Date "2020.12.17"]
[Round "8"]
[White "Jumabayev, Rinat"]
[Black "Akhmetov, Ayan"]
[Result "1-0"]
[WhiteElo "2654"]
[BlackElo "2438"]
[PlyCount "65"]
[EventDate "2020.12.11"]
[EventType "tourn"]
[EventRounds "11"]
[EventCountry "KAZ"]
[EventCategory "10"]
[SourceTitle "CBM 199 Extra"]
[Source "ChessBase"]
[SourceDate "2021.01.31"]
[SourceVersion "1"]
[SourceVersionDate "2021.01.31"]
[SourceQuality "1"]

1. Nf3 d6 2. d4 Bg4 3. e4 Nf6 4. Nc3 e6 5. h3 Bh5 6. Qe2 c6 7. g4 Bg6 8. h4 h5 9. g5 Nfd7 10. d5 cxd5 11. exd5 e5 12. Be3 Be7 13. Bh3 0-0 14. Nd2 Na6 15. Nde4 Nc7 16. Ng3 b5 17. 0-0-0 b4 18. Nce4 Nb6 19. Bf5 Qe8 20. Qf3 Qa4 21. Kb1 Nbxd5 22. Nxh5 Rfc8 23. Nhf6+ gxf6 24. gxf6 Nb5 25. Rxd5 Na3+ 26. bxa3 Qxc2+ 27. Ka1 b3 28. axb3 Qxb3 29. Rd2 d5 30. Bxg6 fxg6 31. f7+ Kh8 32. h5 g5 33. Qf5 1-0

[Event "KAZ-ch"]
[Site "Almaty"]
[Date "2020.12.16"]
[Round "7"]
[White "Akhmetov, Ayan"]
[Black "Kostenko, Petr"]
[Result "1-0"]
[WhiteElo "2438"]
[BlackElo "2429"]
[PlyCount "75"]
[EventDate "2020.12.11"]
[EventType "tourn"]
[EventRounds "11"]
[EventCountry "KAZ"]
[EventCategory "10"]
[SourceTitle "CBM 199 Extra"]
[Source "ChessBase"]
[SourceDate "2021.01.31"]
[SourceVersion "1"]
[SourceVersionDate "2021.01.31"]
[SourceQuality "1"]

1. e4 c6 2. d4 d5 3. Nd2 dxe4 4. Nxe4 Bf5 5. Ng3 Bg6 6. h4 h6 7. N1e2 Nf6 8. Nf4 Bh7 9. Bc4 e6 10. 0-0 Bd6 11. Nxe6 fxe6 12. Bxe6 Nbd7 13. Re1 Bxg3 14. fxg3 Qb6 15. Bh3+ Kd8 16. Bf4 Re8 17. Rxe8+ Nxe8 18. Bxd7 Kxd7 19. Qg4+ Kd8 20. Re1 Bxc2 21. Qe2 Qxd4+ 22. Kh2 Qe4 23. Qd2+ Qd3 24. Qb4 Qd7 25. Re2 Bd3 26. Rd2 g5 27. Qa3 Nf6 28. Rxd3 Nd5 29. hxg5 hxg5 30. Qf8+ Qe8 31. Qd6+ Qd7 32. Bxg5+ Ke8 33. Qh6 Qf7 34. Rf3 Qg8 35. Qd6 Rc8 36. Re3+ Kf7 37. Re7+ Nxe7 38. Qf6+ 1-0

[Event "KAZ-ch"]
[Site "Almaty"]
[Date "2020.12.15"]
[Round "6"]
[White "Khusnutdinov, Rustam"]
[Black "Akhmetov, Ayan"]
[Result "1-0"]
[WhiteElo "2491"]
[BlackElo "2438"]
[PlyCount "29"]
[EventDate "2020.12.11"]
[EventType "tourn"]
[EventRounds "11"]
[EventCountry "KAZ"]
[EventCategory "10"]
[SourceTitle "CBM 199 Extra"]
[Source "ChessBase"]
[SourceDate "2021.01.31"]
[SourceVersion "1"]
[SourceVersionDate "2021.01.31"]
[SourceQuality "1"]

1. e4 Nf6 2. e5 Nd5 3. d4 d6 4. c4 Nb6 5. exd6 exd6 6. h3 Be7 7. Nf3 0-0 8. Be2 Bf6 9. 0-0 Be6 10. Na3 c6 11. Bf4 Re8 12. Rc1 d5 13. c5 N6d7 14. Bd3 Nf8 15. Nc2 1-0

[Event "FISU World University"]
[Site "Tornelo INT"]
[Date "2020.10.28"]
[Round "9.8"]
[White "Akhmetov, Ayan"]
[Black "Dai, Changren"]
[Result "0-1"]
[WhiteElo "2438"]
[BlackElo "2503"]
[PlyCount "62"]
[EventDate "2020.10.26"]
[EventType "team-swiss (rapid)"]
[EventRounds "9"]
[EventCountry "NET"]
[SourceTitle "CBM 199 Extra"]
[Source "ChessBase"]
[SourceDate "2021.01.31"]
[SourceVersion "1"]
[SourceVersionDate "2021.01.31"]
[SourceQuality "1"]
[WhiteTeam "Kazakhstan II"]
[BlackTeam "China IV"]
[WhiteTeamCountry "KAZ"]
[BlackTeamCountry "CHN"]

1. e4 e5 2. Nf3 Nc6 3. d4 exd4 4. Nxd4 Nf6 5. Nxc6 bxc6 6. Qe2 Qe7 7. e5 Nd5 8. c4 Ba6 9. Nd2 g6 10. Nf3 Qb4+ 11. Nd2 Bg7 12. Qe4 Nb6 13. a3 Qc5 14. f4 0-0 15. b4 Qe7 16. Bd3 d5 17. Qe2 dxc4 18. Nxc4 Bxc4 19. Bxc4 Nxc4 20. Qxc4 Bxe5 21. Ra2 Bxf4+ 22. Re2 Qh4+ 23. Kf1 Rad8 24. Re1 Rfe8 25. Rxe8+ Rxe8 26. Bd2 Qh5 27. Qxf4 Qd1+ 28. Kf2 Qxh1 29. Qf6 Qd1 30. Bc3 Qc2+ 31. Kg1 Qb1+ 0-1

[Event "FISU World University"]
[Site "Tornelo INT"]
[Date "2020.10.27"]
[Round "5.5"]
[White "Akhmetov, Ayan"]
[Black "Rubio Tent, Francisco"]
[Result "0-1"]
[WhiteElo "2438"]
[BlackElo "2357"]
[PlyCount "86"]
[EventDate "2020.10.26"]
[EventType "team-swiss (rapid)"]
[EventRounds "9"]
[EventCountry "NET"]
[SourceTitle "CBM 199 Extra"]
[Source "ChessBase"]
[SourceDate "2021.01.31"]
[SourceVersion "1"]
[SourceVersionDate "2021.01.31"]
[SourceQuality "1"]
[WhiteTeam "Kazakhstan II"]
[BlackTeam "Spain IV"]
[WhiteTeamCountry "KAZ"]
[BlackTeamCountry "ESP"]

1. e4 c6 2. d4 d5 3. Nd2 dxe4 4. Nxe4 Bf5 5. Ng3 Bg6 6. h4 h6 7. h5 Bh7 8. Nf3 Nd7 9. Bd3 Bxd3 10. Qxd3 e6 11. Bd2 Ngf6 12. 0-0-0 Be7 13. Kb1 0-0 14. Qe2 c5 15. dxc5 Qc7 16. Rh4 Nxc5 17. Rd4 Rac8 18. c4 Rfd8 19. Bf4 Qb6 20. Qc2 Rxd4 21. Nxd4 Na6 22. Qe2 Qb4 23. a3 Qb6 24. Nb5 Nc5 25. Nf1 a6 26. Nc3 Qc6 27. g4 Nfe4 28. Nxe4 Nxe4 29. f3 Nc5 30. Nd2 Na4 31. Ne4 Nb6 32. c5 Nd5 33. Bd6 Bd8 34. f4 b6 35. g5 hxg5 36. fxg5 bxc5 37. g6 f5 38. Nf6+ Nxf6 39. Qxe6+ Kh8 40. h6 Qe4+ 41. Qxe4 Nxe4 42. Be5 Bf6 43. hxg7+ Kxg7 0-1

[Event "Astana op"]
[Site "Astana"]
[Date "2019.07.11"]
[Round "3"]
[White "Akhmetov, Ayan"]
[Black "Stupak, Kirill"]
[Result "1-0"]
[WhiteElo "2430"]
[BlackElo "2560"]
[PlyCount "81"]
[EventDate "2019.07.09"]
[EventType "swiss"]
[EventRounds "9"]
[EventCountry "KAZ"]
[SourceTitle "EXT 2020"]
[Source "ChessBase"]
[SourceDate "2019.10.17"]
[SourceVersion "1"]
[SourceVersionDate "2019.10.17"]
[SourceQuality "1"]

1. d4 Nf6 2. Nc3 d5 3. Bf4 a6 4. e3 e6 5. g4 c5 6. g5 Nfd7 7. Nf3 Nc6 8. h4 cxd4 9. exd4 b5 10. Bd3 Nb6 11. a4 Nc4 12. Qc1 Qb6 13. axb5 Nxd4 14. Nxd4 Qxd4 15. bxa6 Nxb2 16. Bb5+ Kd8 17. Rh3 Bc5 18. Rf3 Nc4 19. Ra4 Ke7 20. Kf1 Bd7 21. Bxd7 Kxd7 22. Qb1 Bb6 23. Qb5+ Kd8 24. Be3 Nxe3+ 25. fxe3 Qc5 26. Rxf7 Qxb5+ 27. Nxb5 Bxe3 28. Nc7 Ra7 29. Nxe6+ Kc8 30. Rxg7 Rxg7 31. Nxg7 Rf8+ 32. Ke2 Ba7 33. Nh5 Rf2+ 34. Kd3 Rf3+ 35. Kd2 Rf2+ 36. Kc1 Rh2 37. Nf6 d4 38. h5 Kb8 39. Rb4+ Ka8 40. Nd5 Bb8 41. Rb7 1-0

[Event "Almaty op"]
[Site "Almaty"]
[Date "2018.10.23"]
[Round "9"]
[White "Akhmetov, Ayan"]
[Black "Fier, Alexandr"]
[Result "0-1"]
[WhiteElo "2409"]
[BlackElo "2558"]
[PlyCount "142"]
[EventDate "2018.10.16"]
[EventType "swiss"]
[EventRounds "9"]
[EventCountry "KAZ"]
[SourceTitle "CBM 187 Extra"]
[Source "ChessBase"]
[SourceDate "2018.11.04"]
[SourceVersion "1"]
[SourceVersionDate "2018.11.04"]
[SourceQuality "1"]

1. d4 Nf6 2. Bf4 e6 3. Nf3 c5 4. e3 Nc6 5. c3 d5 6. Nbd2 cxd4 7. cxd4 Nh5 8. Bg3 Be7 9. a3 0-0 10. Bd3 g6 11. Rc1 Bd7 12. 0-0 Nxg3 13. hxg3 Qb6 14. Qb3 Rfc8 15. Rc3 Na5 16. Qxb6 axb6 17. Rfc1 Rxc3 18. Rxc3 Bd6 19. Nb3 Kf8 20. g4 h6 21. g3 Ke7 22. Kg2 Bc6 23. Nxa5 bxa5 24. Rc1 Kf6 25. Rh1 Kg7 26. g5 hxg5 27. Nxg5 Be8 28. f4 Rc8 29. a4 Rc6 30. Rb1 Rb6 31. b3 Rc6 32. Kf2 Rc3 33. Ke2 Be7 34. Nf3 f6 35. Rb2 Ba3 36. Ra2 Bd6 37. Bc2 Bd7 38. Kf2 b6 39. Ng1 e5 40. Ne2 Rc8 41. fxe5 fxe5 42. dxe5 Bxe5 43. Bd3 g5 44. Kg2 Bg4 45. Rd2 Rh8 46. Ng1 Kf6 47. Rc2 Bd7 48. e4 dxe4 49. Bxe4 Rc8 50. Ne2 Rxc2 51. Bxc2 Be6 52. Kf3 Bb2 53. Ke3 Ke5 54. Kd2 Ba3 55. Kc3 Bb4+ 56. Kb2 Bf5 57. Bxf5 Kxf5 58. Kc2 Ke4 59. g4 Kf3 60. Kd3 Kxg4 61. Ke4 Bc5 62. Nc1 Kh3 63. Nd3 g4 64. Kf4 Bd6+ 65. Ke3 g3 66. Kf3 g2 67. Nf2+ Kh2 68. Ng4+ Kh1 69. Nf2+ Kg1 70. Ng4 Bc5 71. Kg3 Kh1 0-1

[Event "Almaty op"]
[Site "Almaty"]
[Date "2018.10.21"]
[Round "7"]
[White "Akhmetov, Ayan"]
[Black "Mezentsev, Ivan"]
[Result "1-0"]
[WhiteElo "2409"]
[BlackElo "2270"]
[PlyCount "119"]
[EventDate "2018.10.16"]
[EventType "swiss"]
[EventRounds "9"]
[EventCountry "KAZ"]
[SourceTitle "CBM 187 Extra"]
[Source "ChessBase"]
[SourceDate "2018.11.04"]
[SourceVersion "1"]
[SourceVersionDate "2018.11.04"]
[SourceQuality "1"]

1. e4 e5 2. Nf3 Nc6 3. d4 exd4 4. Nxd4 Nf6 5. Nxc6 bxc6 6. e5 Qe7 7. Qe2 Nd5 8. c4 Nb6 9. b3 a5 10. Ba3 Qg5 11. Bxf8 Qc1+ 12. Qd1 Qxd1+ 13. Kxd1 Rxf8 14. Bd3 Ba6 15. Nd2 f6 16. exf6 Rxf6 17. Re1+ Kd8 18. f3 Rh6 19. h3 Nd5 20. Kc2 Nb4+ 21. Kc3 Nxd3 22. Kxd3 d5 23. Re5 Kd7 24. Rae1 Kd6 25. Kd4 c5+ 26. Kc3 c6 27. Re7 Rg6 28. g4 Bc8 29. Re8 Bb7 30. Rxa8 Bxa8 31. Re8 Bb7 32. Rg8 h5 33. Kd3 hxg4 34. hxg4 Kc7 35. Nf1 Bc8 36. Ne3 Be6 37. Ra8 d4 38. Nf1 Bc8 39. Nd2 Rf6 40. a3 Rh6 41. Rxa5 Kb6 42. b4 Rh3 43. Kc2 cxb4 44. axb4 Be6 45. Rg5 Bg8 46. Kd3 Rh2 47. Rxg7 Bh7+ 48. Ne4 Bxe4+ 49. Kxe4 Rd2 50. Rg6 Kc7 51. b5 cxb5 52. cxb5 Kd7 53. Rg7+ Ke6 54. b6 Kf6 55. b7 Rb2 56. Rd7 Rb4 57. f4 Ke6 58. Rh7 d3+ 59. Kxd3 Kd5 60. g5 1-0

[Event "Almaty op"]
[Site "Almaty"]
[Date "2018.10.20"]
[Round "6"]
[White "Khegay, Dmitriy"]
[Black "Akhmetov, Ayan"]
[Result "1-0"]
[WhiteElo "2499"]
[BlackElo "2409"]
[PlyCount "123"]
[EventDate "2018.10.16"]
[EventType "swiss"]
[EventRounds "9"]
[EventCountry "KAZ"]
[SourceTitle "CBM 187 Extra"]
[Source "ChessBase"]
[SourceDate "2018.11.04"]
[SourceVersion "1"]
[SourceVersionDate "2018.11.04"]
[SourceQuality "1"]

1. e4 e6 2. d4 d5 3. Nd2 Nc6 4. Ngf3 Nf6 5. e5 Nd7 6. Nb3 a5 7. a4 b6 8. Ng5 Ba6 9. Bxa6 Rxa6 10. 0-0 Ra7 11. Be3 Qc8 12. Qh5 g6 13. Qh3 h6 14. Nc1 Ne7 15. Nd3 Bg7 16. Nf3 c5 17. c3 Rc7 18. Rfe1 h5 19. Bg5 Nf5 20. Nh4 Nxh4 21. Qxh4 Bh6 22. Bxh6 Rxh6 23. Qg5 Rh8 24. Nf4 Nf8 25. c4 dxc4 26. d5 Qd8 27. Qg3 g5 28. d6 Rd7 29. Ne2 f5 30. Qc3 Kf7 31. Qxc4 Qa8 32. Ng3 h4 33. Nxf5 h3 34. f3 hxg2 35. Qg4 Qd8 36. Ne7 Rxe7 37. dxe7 Qxe7 38. f4 Ng6 39. Qxg5 Qxg5 40. fxg5 Nh4 41. Ra3 Rd8 42. Rg3 Kg6 43. b3 Rd4 44. h3 c4 45. bxc4 Rxc4 46. Ra1 Rc2 47. Kh2 Rf2 48. Kg1 Re2 49. Rc1 Ra2 50. Kh2 Rxa4 51. Rc6 Kf5 52. g6 Ra1 53. Rxg2 Nxg2 54. g7 Nh4 55. Rc2 Kf4 56. Rc4+ Kf3 57. Rc3+ Ke4 58. g8Q Ra2+ 59. Kg1 Rg2+ 60. Qxg2+ Nxg2 61. Kxg2 b5 62. Rc5 1-0

[Event "Almaty op"]
[Site "Almaty"]
[Date "2018.10.18"]
[Round "4"]
[White "Akhmetov, Ayan"]
[Black "Utegaliev, Azamat"]
[Result "1-0"]
[WhiteElo "2409"]
[BlackElo "2517"]
[PlyCount "87"]
[EventDate "2018.10.16"]
[EventType "swiss"]
[EventRounds "9"]
[EventCountry "KAZ"]
[SourceTitle "CBM 187 Extra"]
[Source "ChessBase"]
[SourceDate "2018.11.04"]
[SourceVersion "1"]
[SourceVersionDate "2018.11.04"]
[SourceQuality "1"]

1. e4 c6 2. Nf3 d5 3. Nc3 Bg4 4. h3 Bxf3 5. Qxf3 e6 6. d3 g6 7. g3 Bg7 8. Bd2 Ne7 9. Bg2 Nd7 10. Qe2 0-0 11. h4 Nf6 12. h5 dxe4 13. dxe4 Nxh5 14. 0-0-0 Qc7 15. Qf3 Rfd8 16. g4 Nf6 17. Qh3 h5 18. gxh5 Rxd2 19. Kxd2 Nxh5 20. Kc1 Nf4 21. Qh7+ Kf8 22. Bf3 b5 23. Qh4 a5 24. Qg5 a4 25. Rd2 a3 26. Rhd1 axb2+ 27. Kb1 Ned5 28. exd5 cxd5 29. Rd4 Qxc3 30. Rxf4 Be5 31. Qh6+ Ke7 32. Qh4+ Kf8 33. Qh6+ Ke7 34. Qh4+ Kf8 35. Rd3 Qe1+ 36. Bd1 Qa5 37. a3 Kg8 38. Rh3 Ra7 39. Rb4 Qb6 40. Qh7+ Kf8 41. Rf3 Bd6 42. Qh8+ Ke7 43. Rh4 e5 44. Rxf7+ 1-0

[Event "Kazakhstan Cup"]
[Site "Astana"]
[Date "2017.12.26"]
[Round "5"]
[White "Akhmetov, Ayan"]
[Black "Sisabayev, Kuanysh"]
[Result "1-0"]
[WhiteElo "2416"]
[BlackElo "2279"]
[PlyCount "53"]
[EventDate "2017.12.23"]
[EventType "tourn"]
[EventRounds "9"]
[EventCountry "KAZ"]
[EventCategory "7"]
[SourceTitle "CBM 182 Extra"]
[Source "ChessBase"]
[SourceDate "2018.02.23"]
[SourceVersion "1"]
[SourceVersionDate "2018.02.23"]
[SourceQuality "1"]

1. e4 d6 2. d4 Nf6 3. Nc3 g6 4. f4 Bg7 5. Nf3 0-0 6. Bd3 Bg4 7. h3 Bxf3 8. Qxf3 Nc6 9. Be3 e5 10. dxe5 dxe5 11. f5 Nd4 12. Qf2 b5 13. g4 c5 14. g5 c4 15. gxf6 Bxf6 16. 0-0 cxd3 17. cxd3 Bg5 18. f6 Bxe3 19. Qxe3 Kh8 20. Nd5 Rc8 21. Rac1 Qd6 22. Kh1 Rfd8 23. b4 Qa6 24. Qh6 Ne6 25. Nc7 Rxc7 26. Rxc7 Rf8 27. Re7 1-0